000 00295cam a22001097a 4500
008 180718b1988 xxu||||| |||| 00| 0 eng d
082 _aB122x5453 J774
100 _aJoseph, KV
245 _aMigration and development of Kerala
_cby KV Joseph
260 _aDelhi
_bMittal
_c1988
300 _axiv, 212p
999 _c417509
_d417509